| 000 | 00632nam a2200193Ia 4500 | ||
|---|---|---|---|
| 003 | GCL | ||
| 008 | 140319s9999 xx 000 0 ara d | ||
| 040 |
_aGCL / _cGCL |
||
| 082 | 0 | 4 |
_a891.55 _bص ب |
| 100 | 1 | _aابراهيم الدسوقى شتا | |
| 245 | 1 | 0 |
_aالبوم العمياء / _cابراهيم الدسوقى شتا |
| 700 | 1 | _aصادق هدايت | |
| 700 | 1 | _aمحمد رشاد السماعيلى (مراجع) | |
| 490 |
_aروايات مختارة _v0 |
||
| 650 | 0 | 4 | _aالادب الفارسى |
| 650 | 0 | 4 | _aالادب الفارسى المترجم |
| 650 | 0 | 4 | _aالقصص الفارسية |
| 942 |
_2ddc _cBK |
||
| 999 |
_c40069 _d40069 |
||